Christlich-demokratische Parteien in der Slowakei

Gespeichert in:
Bibliographische Detailangaben
1. Verfasser: Štefančík, Radoslav, 1976-
Körperschaft: Univerzita sv. Cyrila a Metoda v Trnave
Format: Buch
Sprache:Deutsch
Veröffentlicht: Trnava Philosophische Fakultät, Lehrstuhl für Politikwissenschaft 2008
Schlagworte:
Tags: Tag hinzufügen
Keine Tags, Fügen Sie das erste Tag hinzu!

MARC

LEADER 00000nam a2200000 4500
001 0191368
005 20240502073221.4
020 |a 978-80-8105-016-9 
041 0 |a ger 
044 |a SK 
245 1 0 |a Christlich-demokratische Parteien in der Slowakei  |c Radoslav Štefančík 
264 1 |a Trnava  |b Philosophische Fakultät, Lehrstuhl für Politikwissenschaft  |c 2008 
300 |a 151 s. [10,7 AH] 
610 2 0 |a demokracia 
610 2 0 |a kresťanstvo 
610 2 0 |a strany politické 
610 2 0 |a Slovensko 
100 1 |a Štefančík, Radoslav, 1976- 
710 2 |a Univerzita sv. Cyrila a Metoda v Trnave